000 00492nam a2200181 4500
999 _c4221
_d4221
008 200727b ||||| |||| 00| 0 eng d
020 _cRs.60.00
041 0 _ahin
082 0 0 _a891.43
_bN1473
100 _aNagar, Amritlal
_93452
245 1 0 _aChakallas /
_cby Amrit Lal Nagar
245 1 0 _aचकल्लस /
_cअमृत लाल नागर
260 _aDelhi:
_bRajpal and sons,
_c1990.
300 _a212 p.
365 _bINR 60.00
650 0 _aHindi fiction
942 _2ddc
_cBK